|
|
|
|
| LEADER |
00603nam a22001697a 4500 |
| 008 |
160518b xxu||||| |||| 00| 0 mal d |
| 020 |
|
|
|a 9788126448999
|c INR
|
| 082 |
|
|
|a 914
|
| 100 |
|
|
|a Santhosh George Kulangara
|
| 245 |
|
|
|a Natashayude varnnabaloonukal /
|c Santhosh George Kulangara
|
| 260 |
|
|
|a Kottayam :
|b DC books,
|c 2013.
|
| 300 |
|
|
|a 216 p. ;
|
| 650 |
|
|
|v Travelogue
|x Malayalam
|z Europe
|
| 942 |
|
|
|c BK
|
| 546 |
|
|
|a In malayalam
|
| 999 |
|
|
|c 285244
|d 285244
|
| 952 |
|
|
|0 0
|1 0
|4 0
|6 914_000000000000000_SAN_N
|7 0
|9 323668
|a FLK
|b FLK
|c ST1
|d 2016-05-18
|e BK
|g 140.00
|i 4912
|l 0
|o 914 SAN/N
|p FLK4912
|r 2016-05-18
|w 2016-05-18
|y BK
|